LEADER 01044nam0-22003131i-450- 001 990006480080403321 005 20001010 035 $a000648008 035 $aFED01000648008 035 $a(Aleph)000648008FED01 035 $a000648008 100 $a20001010d--------km-y0itay50------ba 101 0 $aita 105 $ay-------001yy 200 1 $aGUIDE to the Sources of the History of Africa South of the Sahara in Netherlands$fCompiled by M.P.H. Roessingh and W. Wisser - 210 $aNew York$cSaur$d1978. 215 $a241 p.$d22 cm 225 1 $aConseil International des Archives. Guides des Sources de l'histoire des Nations. Serie II$cAfrica$v9 676 $a016.96 702 1$aRoessingh,$bM.P.H. 702 1$aVisser,$bWickert$f<1934- > 801 0$aIT$bUNINA$gRICA$2UNIMARC 901 $aBK 912 $a990006480080403321 952 $aCOLLEZ. 148 (9)$b14021$fFSPBC 959 $aFSPBC 996 $aGUIDE to the Sources of the History of Africa South of the Sahara in Netherlands$9652961 997 $aUNINA DB $aGEN01 LEADER 03263nam 2200613 450 001 9910460057103321 005 20200520144314.0 010 $a1-84464-236-4 035 $a(CKB)3710000000248685 035 $a(EBL)1935101 035 $a(SSID)ssj0001378925 035 $a(PQKBManifestationID)11745910 035 $a(PQKBTitleCode)TC0001378925 035 $a(PQKBWorkID)11351349 035 $a(PQKB)11454462 035 $a(MiAaPQ)EBC1935101 035 $a(Au-PeEL)EBL1935101 035 $a(CaPaEBR)ebr10943496 035 $a(OCoLC)893441834 035 $a(EXLCZ)993710000000248685 100 $a20141010h20142014 uy 0 101 0 $aeng 135 $aur|n|---||||| 181 $ctxt 182 $cc 183 $acr 200 14$aThe impact of foreign direct investment on income distribution in China /$fLiu Shiguo ; translator, Zhou Yong ; polisher Andy H. Keller 210 1$a[Reading, England] :$cPaths International Ltd.,$d2014. 210 4$dİ2014 215 $a1 online resource (182 p.) 225 1 $aForeign Investment in China 300 $aDescription based upon print version of record. 311 $a1-84464-235-6 320 $aIncludes bibliographical references. 327 $aCover; Title Page; Contents; Chapter 1 Overview; Chapter 2 Overview of Research on the Effects of FDI on the Income Gap among Residents of the Host Country; Chapter 3 A Theoretical Model of the Effects of FDI on Income Distribution among Residents of the Host Country; Chapter 4 The Dynamic Panel Data Analysis Method; Chapter 5 Empirical Analysis of the Effects of FDI on the Income of Corporate Employees in China; Chapter 6 Empirical Analysis of the Effects of FDI on Employment in Chinese Enterprises 327 $aChapter 7 Estimating a Simultaneous Equation Model of the Effects of FDI on Wage Rates and Employment at Chinese EnterprisesChapter 8 Measuring the Effects of FDI on Income Distribution in China; Chapter 9 Main Conclusions, Policy Recommendations, and Follow-up Research; References; Postscript; Copyright 330 $aThe income gap in China has been widening since the country started economic reform in 1978. It can be said that the increasing penetration of Foreign Direct Investment (FDI) into the Chinese economy and a widening income gap among residents are two remarkable phenomena that appeared almost at the same time after China began reform and openness. People are therefore prone to correlate the two phenomena and ask: Is there a certain correlation between FDI and the widening income gap in China? If there is, how does the strength of this correlation evolve? What strength has it reached so far? How 410 0$aForeign Investment in China 606 $aInvestments, Foreign$zChina 606 $aIncome distribution$zAsia 608 $aElectronic books. 615 0$aInvestments, Foreign 615 0$aIncome distribution 676 $a332.6730951 700 $aShiguo$b Liu$0946540 702 $aYong$b Zhou 702 $aKeller$b Andy H. 801 0$bMiAaPQ 801 1$bMiAaPQ 801 2$bMiAaPQ 906 $aBOOK 912 $a9910460057103321 996 $aThe impact of foreign direct investment on income distribution in China$92138450 997 $aUNINA